000 00459nam a2200169Ia 4500
008 230711s9999||||xx |||||||||||||| ||und||
020 _a978-1-85573-333-6
041 _aENG
082 _a667
_bSP-K
100 _aSpencer,David.J
245 0 _aKnitting technology a comprehensive handbook and practical guide
250 _a3rd Ed.
260 _c2001
_aNew Delhi
_bWoodhead Publishing Pvt Ltd
300 _a386
650 _aTextile Engineering
942 _cBK
999 _c5485
_d5485